<?xml version="1.0" encoding="UTF-8"?>
<collection xmlns="http://www.loc.gov/MARC21/slim">
 <record>
  <leader>03079ntm a22004577a 4500</leader>
  <controlfield tag="001">000125279</controlfield>
  <controlfield tag="003">CZ-PrVSE</controlfield>
  <controlfield tag="005">20080717081341.0</controlfield>
  <controlfield tag="007">ta</controlfield>
  <controlfield tag="008">070226s2008    xr d   frb    000 0 cze</controlfield>
  <datafield tag="040" ind1=" " ind2=" ">
   <subfield code="a">JHD001</subfield>
   <subfield code="b">cze</subfield>
   <subfield code="c">JHD001</subfield>
   <subfield code="d">JHD001</subfield>
  </datafield>
  <datafield tag="080" ind1=" " ind2=" ">
   <subfield code="a">005</subfield>
   <subfield code="2">MRF</subfield>
  </datafield>
  <datafield tag="080" ind1=" " ind2=" ">
   <subfield code="a">657.41/.45</subfield>
   <subfield code="2">MRF</subfield>
  </datafield>
  <datafield tag="099" ind1=" " ind2="9">
   <subfield code="a">MN2469</subfield>
  </datafield>
  <datafield tag="100" ind1="1" ind2=" ">
   <subfield code="a">Pilař, Tomáš,</subfield>
   <subfield code="d">1985-</subfield>
   <subfield code="7">mzk2012698481</subfield>
   <subfield code="4">dis</subfield>
  </datafield>
  <datafield tag="245" ind1="1" ind2="0">
   <subfield code="a">Finanční analýza podniku Hrabal corporation, s. r. o.</subfield>
   <subfield code="h">[rukopis] /</subfield>
   <subfield code="c">Tomáš Pilař</subfield>
  </datafield>
  <datafield tag="260" ind1=" " ind2=" ">
   <subfield code="c">2008</subfield>
  </datafield>
  <datafield tag="300" ind1=" " ind2=" ">
   <subfield code="a">51 l. :</subfield>
  </datafield>
  <datafield tag="500" ind1=" " ind2=" ">
   <subfield code="a">Vedoucí práce: Hana Ezrová</subfield>
  </datafield>
  <datafield tag="502" ind1=" " ind2=" ">
   <subfield code="a">Bakalářská práce (Bc.)—Vysoká škola ekonomická v Praze, Fakulta managementu, 2008</subfield>
  </datafield>
  <datafield tag="504" ind1=" " ind2=" ">
   <subfield code="a">Obsahuje bibliografii</subfield>
  </datafield>
  <datafield tag="518" ind1=" " ind2=" ">
   <subfield code="a">Rok obhajoby 2008</subfield>
  </datafield>
  <datafield tag="520" ind1="3" ind2=" ">
   <subfield code="a">Bakalářská práce je vypracována na téma finanční analýza podniku Hrabal corporation s.r.o. za období 2004 až 2006. Práce je rozdělena na teoretickou část, charakteristiku podniku a praktickou část. V teoretické části jsou uvedeny různé zdroje informací pro zpracování finanční analýzy, a ty nejdůležitější zdroje, jako jsou účet zisků a ztrát a rozvaha jsou podrobněji popsány. Dále jsou uvedeny základní metody a techniky finanční analýzy s podrobnějším zaměřením na absolutní ukazatele, tj. horizontální a vertikální analýzu účetních výkazů a poměrové ukazatele. V rámci poměrových ukazatelů se práce blíže věnuje paralelní soustavě ukazatelů a to ukazatelů likvidity, aktivity, zadluženosti a rentability. V rámci charakteristiky podniku jsou popsány základní údaje o podniku, rozhodující vlastníci a jednotlivé podnikatelské aktivity. Praktická část přistupuje k samotnému zpracování finanční analýzy na základě metod a technik, kterými se podrobněji zabývala teoretická část. V závěru práci je uvedeno celkové hodnocení finanční situace podniku a také drobnější doporučení do budoucna pro management této firmy</subfield>
  </datafield>
  <datafield tag="650" ind1="0" ind2="7">
   <subfield code="a">finanční analýza</subfield>
   <subfield code="7">ph120235</subfield>
   <subfield code="2">czenas</subfield>
  </datafield>
  <datafield tag="653" ind1="0" ind2=" ">
   <subfield code="a">management [obor bakal. práce]</subfield>
  </datafield>
  <datafield tag="655" ind1=" " ind2="7">
   <subfield code="a">bakalářské práce</subfield>
   <subfield code="7">fd132403</subfield>
   <subfield code="2">czenas</subfield>
  </datafield>
  <datafield tag="650" ind1="0" ind2="9">
   <subfield code="a">financial analysis</subfield>
   <subfield code="2">eczenas</subfield>
  </datafield>
  <datafield tag="655" ind1=" " ind2="9">
   <subfield code="a">bachelor's theses</subfield>
   <subfield code="2">eczenas</subfield>
  </datafield>
  <datafield tag="700" ind1="1" ind2=" ">
   <subfield code="a">Ezrová, Hana,</subfield>
   <subfield code="d">1941-</subfield>
   <subfield code="7">stk2008477013</subfield>
   <subfield code="4">ths</subfield>
  </datafield>
  <datafield tag="710" ind1="2" ind2=" ">
   <subfield code="a">Vysoká škola ekonomická v Praze.</subfield>
   <subfield code="b">Fakulta managementu</subfield>
   <subfield code="7">ko2002109809</subfield>
  </datafield>
  <datafield tag="856" ind1="4" ind2="0">
   <subfield code="u">http://www.vse.cz/vskp/show_file.php?soubor_id=18379</subfield>
   <subfield code="y">Přiloha k práci</subfield>
  </datafield>
  <datafield tag="856" ind1="4" ind2="0">
   <subfield code="u">http://www.vse.cz/vskp/show_file.php?soubor_id=20128</subfield>
   <subfield code="y">Hlavní práce</subfield>
  </datafield>
  <datafield tag="856" ind1="4" ind2="0">
   <subfield code="u">http://www.vse.cz/vskp/show_file.php?soubor_id=20209</subfield>
   <subfield code="y">Hodnocení vedoucího</subfield>
  </datafield>
  <datafield tag="999" ind1="4" ind2="0">
   <subfield code="u">http://www.vse.cz/vskp/show_evskp.php?evskp_id=5540</subfield>
   <subfield code="y">dc:identifier</subfield>
  </datafield>
  <datafield tag="935" ind1=" " ind2=" ">
   <subfield code="a">(eVSKP)5540</subfield>
  </datafield>
  <datafield tag="999" ind1="4" ind2="2">
   <subfield code="a">soubor_id_20128</subfield>
   <subfield code="u">52e455a706612f97ea6181f959e611a3</subfield>
  </datafield>
  <datafield tag="999" ind1="4" ind2="3">
   <subfield code="a">soubor_id_20128</subfield>
   <subfield code="u">52e455a706612f97ea6181f959e611a3</subfield>
  </datafield>
  <datafield tag="993" ind1=" " ind2=" ">
   <subfield code="x">NEPOSILAT</subfield>
   <subfield code="y">VSKP</subfield>
  </datafield>
  <datafield tag="996" ind1=" " ind2=" ">
   <subfield code="1">HSTU1</subfield>
   <subfield code="3">D 2469-V1</subfield>
   <subfield code="5">4202128855</subfield>
   <subfield code="8">20080717</subfield>
   <subfield code="9">MN2469</subfield>
   <subfield code="f">85</subfield>
   <subfield code="l">UEP01</subfield>
   <subfield code="m">BOOK</subfield>
   <subfield code="q">Knihovna FM JH studovna I</subfield>
   <subfield code="t">prezenční</subfield>
   <subfield code="u">UEP01</subfield>
  </datafield>
 </record>
</collection>
